| 000 | 01709nam a22002057a 4500 | ||
|---|---|---|---|
| 999 |
_c63212 _d63212 |
||
| 003 | Ge_BSU | ||
| 005 | 20250630120102.0 | ||
| 008 | 250630s2025 ge ||||| |||| 00| 0 geo d | ||
| 041 | _ageo | ||
| 080 | _a33 დ-15 | ||
| 100 |
_aდავითაძე, ინდირა _925568 |
||
| 245 |
_aპერსონალის მენეჯმენტის გავლენა ორგანიზაციის შესაძლებლობებსა და დასაქმებულთა მოტივაციაზე : _bდისერტაცია / _cსამეცნიერო ხელმძღვანელი დავით ქათამაძე; ბსუ. ეკონომიკისა და ბიზნესის ფაკულტეტი. ბიზნესის ადმინისტრირების, მენეჯმენტისა და მარკეტინგის დარგობრივი დეპარტამენტი. |
||
| 264 |
_aბათუმი, _c2025. |
||
| 300 |
_a191 გვ.; _b30 სმ. |
||
| 501 | _aდანართი გვ. 183-191 | ||
| 504 | _aბიბლიოგრ. გვ.173-182 | ||
| 700 |
_aქათამაძე, დავით _eსამეცნიერო ხელმძღვანელი _92027 |
||
| 710 |
_aბსუ. ეკონომიკისა და ბიზნესის ფაკულტეტი. _bბიზნესის ადმინისტრირების, მენეჯმენტისა და მარკეტინგის დარგობრივი დეპარტამენტი. _925569 |
||
| 942 |
_2udc _cDS |
||